[Event "Bundesliga 2324"]
[Site "Germany"]
[Date "2024.02.24"]
[Round "10.6"]
[White "Hausrath, Daniel"]
[Black "Winterberg, Lukas"]
[Result "1-0"]
[WhiteElo "2462"]
[BlackElo "2410"]
[PlyCount "119"]
[EventDate "2023.10.21"]
[EventType "team-tourn"]
[EventRounds "15"]
[EventCountry "GER"]
[SourceTitle "CB09_2024"]
[SourceDate "2024.02.28"]
[SourceVersion "1"]
[SourceVersionDate "2024.02.28"]
[SourceQuality "1"]
[WhiteTeam "Muelheim Nord"]
[BlackTeam "Heimbach Weis Neuwied"]
[WhiteTeamCountry "GER"]
[BlackTeamCountry "GER"]

1. Nf3 Nf6 2. g3 e6 3. Bg2 d5 4. d4 Be7 5. 0-0 0-0 6. c4 dxc4 7. Qa4 a6 8. Qxc4 b5 9. Qc2 Bb7 10. Bf4 Nd5 11. Nbd2 Nd7 12. Nb3 c5 13. dxc5 Rc8 14. Rad1 Bxc5 15. Nxc5 Rxc5 16. Qd2 Nxf4 17. Qxf4 Qc8 18. Rc1 Nf6 19. Rxc5 Qxc5 20. Rc1 Qb6 21. Qc7 Nd5 22. Qxb6 Nxb6 23. Rc7 Bd5 24. b3 Rc8 25. Rxc8+ Nxc8 26. Ne5 Nb6 27. e4 Bb7 28. Nd3 a5 29. f4 Kf8 30. Kf2 Ke7 31. Ke3 Nd7 32. Kd4 f6 33. Bh3 Bc6 34. e5 Bd5 35. Bf1 b4 36. Nb2 fxe5+ 37. fxe5 Nb8 38. Bb5 Kd8 39. Nd3 g5 40. h4 h6 41. Nf2 Kc7 42. Kc5 Bc6 43. Bxc6 Nxc6 44. Nd3 g4 45. h5 Kb7 46. Kd6 Nd4 47. Nf2 Ka6 48. Nxg4 Kb5 49. Ne3 a4 50. bxa4+ Kxa4 51. g4 Ka3 52. g5 Kxa2 53. gxh6 b3 54. h7 b2 55. h8Q b1Q 56. Qa8+ Kb2 57. Qb7+ Nb3 58. Kxe6 Qd3 59. Qg2+ Kc3 60. Qc2+ 1-0

[Event "Rheinland Pfalz op 13th"]
[Site "Engers"]
[Date "2023.06.09"]
[Round "4"]
[White "Winterberg, Lukas"]
[Black "Bleecke, Sebastian"]
[Result "1-0"]
[WhiteElo "2405"]
[BlackElo "2164"]
[PlyCount "71"]
[EventDate "2023.06.08"]
[EventType "swiss"]
[EventRounds "7"]
[EventCountry "GER"]
[SourceTitle "CBM 214 Extra"]
[Source "ChessBase"]
[SourceDate "2023.07.31"]
[SourceVersion "1"]
[SourceVersionDate "2023.07.31"]
[SourceQuality "1"]

1. d4 Nf6 2. Nf3 g6 3. c4 Bg7 4. Nc3 d5 5. cxd5 Nxd5 6. e4 Nxc3 7. bxc3 c5 8. Bb5+ Nc6 9. Rb1 0-0 10. d5 Ne5 11. 0-0 a6 12. Be2 Nxf3+ 13. Bxf3 b5 14. Be3 Qd6 15. Qd2 Rd8 16. Rfd1 Rb8 17. a4 Bd7 18. axb5 axb5 19. Be2 f5 20. exf5 b4 21. cxb4 cxb4 22. Bf4 Be5 23. Bxe5 Qxe5 24. fxg6 hxg6 25. Bc4 Qd6 26. Qh6 Bf5 27. Rb2 Rdc8 28. Bb3 Rc3 29. Re1 Rxb3 30. Rxb3 Qxd5 31. Rbe3 e6 32. g4 Bc2 33. Rxe6 b3 34. Re8+ Rxe8 35. Rxe8+ Kf7 36. Qf8# 1-0

[Event "BL2-West 2223"]
[Site "Germany"]
[Date "2023.02.25"]
[Round "7.4"]
[White "Winterberg, Lukas"]
[Black "Suvorov, Alexander David"]
[Result "1-0"]
[WhiteElo "2394"]
[BlackElo "2342"]
[PlyCount "109"]
[EventDate "2022.10.22"]
[EventType "team-tourn"]
[EventRounds "10"]
[EventCountry "GER"]
[SourceTitle "EXT 2024"]
[Source "ChessBase"]
[SourceDate "2023.10.10"]
[SourceVersion "1"]
[SourceVersionDate "2023.10.10"]
[SourceQuality "1"]
[WhiteTeam "Heimbach Weis/Neuwied"]
[BlackTeam "Koeln Porz"]
[WhiteTeamCountry "GER"]
[BlackTeamCountry "GER"]

1. d4 Nf6 2. Nf3 g6 3. c4 Bg7 4. Nc3 0-0 5. e4 d6 6. Be2 Nbd7 7. h3 e5 8. d5 Nc5 9. Qc2 a5 10. Be3 Nfd7 11. g4 c6 12. 0-0-0 a4 13. h4 Qa5 14. h5 Nf6 15. hxg6 fxg6 16. Ng5 h6 17. Ne6 Bxe6 18. dxe6 Nxe6 19. g5 Nxg5 20. c5 Nf7 21. cxd6 b5 22. f4 b4 23. Nb1 a3 24. b3 Rad8 25. Nd2 Nxd6 26. Nc4 Nxc4 27. Qxc4+ Kh7 28. f5 gxf5 29. exf5 Rxd1+ 30. Rxd1 Rd8 31. Rg1 Qd5 32. Qh4 Qe4 33. Rxg7+ Kxg7 34. Qxh6+ Kf7 35. Qg6+ Ke7 36. Bc5+ Rd6 37. Bxd6+ Kxd6 38. Qxf6+ Kc5 39. Qe7+ Kb6 40. Qd8+ Kb7 41. Qd3 Qh1+ 42. Kd2 Qa1 43. Qd7+ Kb6 44. Qd8+ Kb7 45. Qe7+ Ka8 46. Qf8+ Ka7 47. Qc5+ Kb7 48. Qxb4+ Kc7 49. Qxa3 Qd4+ 50. Kc2 Qe4+ 51. Bd3 Qg2+ 52. Kc3 Qg1 53. Qe7+ Kb6 54. Qd8+ Kb7 55. Kb2 1-0

[Event "Titled Tuesday intern op 17th Jan Late"]
[Site "Chess.com INT"]
[Date "2023.01.17"]
[Round "4"]
[White "Winterberg, Lukas"]
[Black "Boyer, Mahel"]
[Result "1-0"]
[WhiteElo "2402"]
[BlackElo "2444"]
[PlyCount "131"]
[EventDate "2023.01.17"]
[EventType "swiss (blitz)"]
[EventRounds "11"]
[EventCountry "USA"]
[SourceTitle "CBM 212 Extra"]
[Source "ChessBase"]
[SourceDate "2023.03.31"]
[SourceVersion "1"]
[SourceVersionDate "2023.03.31"]
[SourceQuality "1"]

1. d4 d6 2. Nf3 Nd7 3. c4 e5 4. Nc3 g6 5. e4 Bg7 6. Be2 Ne7 7. Be3 0-0 8. Qd2 f5 9. dxe5 Nxe5 10. Nxe5 Bxe5 11. f4 Bg7 12. 0-0 fxe4 13. Nxe4 Nf5 14. Bf2 c6 15. Rad1 Re8 16. Bf3 Be6 17. b3 d5 18. Ng5 d4 19. Rfe1 Qd6 20. g4 Nh6 21. Bxd4 Qxd4+ 22. Qxd4 Bxd4+ 23. Rxd4 Bxg4 24. Rxe8+ Rxe8 25. Bxg4 Nxg4 26. Rd7 h6 27. Nf3 Re2 28. Ne5 Ne3 29. h4 Rg2+ 30. Kh1 Rxa2 31. Rxb7 Nf5 32. Nxg6 Ng3+ 33. Kg1 a5 34. Ne7+ Kf8 35. Nxc6 Ne2+ 36. Kf2 Nd4+ 37. Ke3 Nxc6 38. Rb6 Ne7 39. Ke4 Re2+ 40. Kf3 Rb2 41. c5 a4 42. bxa4 Ra2 43. Rxh6 Rxa4 44. h5 Rc4 45. Rf6+ Kg7 46. Re6 Kf7 47. Re5 Nc6 48. Rd5 Ne7 49. Re5 Nc6 50. Rg5 Nd4+ 51. Kg4 Ne6 52. Rf5+ Kg7 53. h6+ Kh7 54. Rf7+ Kg8 55. Re7 Nxc5 56. Rc7 Rc3 57. f5 Kh8 58. f6 Rc1 59. f7 Rg1+ 60. Kh5 Rf1 61. Rc8+ Kh7 62. f8Q Rxf8 63. Rxf8 Ne6 64. Rf7+ Kg8 65. Kg6 Kh8 66. Rf6 1-0

[Event "Titled Tuesday intern op 17th Jan Late"]
[Site "Chess.com INT"]
[Date "2023.01.17"]
[Round "9"]
[White "Winterberg, Lukas"]
[Black "Garcia Almaguer, Juan Manuel"]
[Result "0-1"]
[WhiteElo "2402"]
[BlackElo "2090"]
[PlyCount "76"]
[EventDate "2023.01.17"]
[EventType "swiss (blitz)"]
[EventRounds "11"]
[EventCountry "USA"]
[SourceTitle "CBM 212 Extra"]
[Source "ChessBase"]
[SourceDate "2023.03.31"]
[SourceVersion "1"]
[SourceVersionDate "2023.03.31"]
[SourceQuality "1"]

1. Nc3 Nf6 2. d4 e6 3. Bf4 Bb4 4. Nf3 Bxc3+ 5. bxc3 Ne4 6. e3 0-0 7. Bd3 f5 8. c4 d6 9. Bg3 Nd7 10. Bh4 Ndf6 11. Nd2 g5 12. Bxe4 gxh4 13. Bd3 c5 14. c3 Bd7 15. Nf3 Ne4 16. Bxe4 fxe4 17. Nd2 Qg5 18. 0-0 Bc6 19. Qe2 h3 20. g3 Rf7 21. f4 exf3 22. Nxf3 Qh5 23. d5 exd5 24. Nd4 Qxe2 25. Nxe2 dxc4 26. Nf4 Re8 27. Kf2 d5 28. Rad1 b5 29. Rfe1 b4 30. cxb4 cxb4 31. Kg1 Rxf4 32. gxf4 Kf7 33. e4 dxe4 34. Rd4 e3 35. Rxc4 Rg8+ 36. Kf1 Bb5 37. Rec1 Rc8 38. Ke2 Rxc4 0-1

[Event "Titled Tuesday intern op 17th Jan Late"]
[Site "Chess.com INT"]
[Date "2023.01.17"]
[Round "5"]
[White "Winterberg, Lukas"]
[Black "Sokolovsky, Yahli"]
[Result "0-1"]
[WhiteElo "2402"]
[BlackElo "2431"]
[PlyCount "92"]
[EventDate "2023.01.17"]
[EventType "swiss (blitz)"]
[EventRounds "11"]
[EventCountry "USA"]
[SourceTitle "CBM 212 Extra"]
[Source "ChessBase"]
[SourceDate "2023.03.31"]
[SourceVersion "1"]
[SourceVersionDate "2023.03.31"]
[SourceQuality "1"]

1. Nf3 d5 2. d4 Bg4 3. Nbd2 e6 4. e3 c6 5. h3 Bxf3 6. Nxf3 f5 7. Ne5 Nd7 8. Nxd7 Qxd7 9. c4 Nf6 10. Bd2 Bd6 11. Bd3 0-0 12. a3 a5 13. cxd5 exd5 14. 0-0 Ne4 15. b4 Bc7 16. bxa5 Qd6 17. f4 Rfe8 18. Bb4 Qd7 19. Re1 Bxa5 20. Qb3 g6 21. Bxa5 Rxa5 22. Rab1 Nd6 23. Qb4 Rea8 24. Rb3 Kg7 25. Reb1 Qe6 26. Kf2 Qe7 27. Qc3 Rxa3 28. Bc2 Ra2 29. R1b2 Ra1 30. Rb1 R8a2 31. Qxa1 Rxa1 32. Rxa1 h5 33. Ra7 h4 34. Bd3 Kh6 35. Rc3 Qd8 36. Rb3 g5 37. Ra1 Qf6 38. fxg5+ Kxg5 39. Ra8 Kh6 40. Rba3 f4 41. Rb8 fxe3+ 42. Kxe3 Qg5+ 43. Ke2 Qxg2+ 44. Kd1 Qg1+ 45. Kc2 Qh2+ 46. Kc3 Nc4 0-1

[Event "Titled Tuesday intern op 17th Jan Late"]
[Site "Chess.com INT"]
[Date "2023.01.17"]
[Round "2"]
[White "Winterberg, Lukas"]
[Black "Tanenbaum, Zachary Chen"]
[Result "0-1"]
[WhiteElo "2402"]
[BlackElo "2244"]
[PlyCount "70"]
[EventDate "2023.01.17"]
[EventType "swiss (blitz)"]
[EventRounds "11"]
[EventCountry "USA"]
[SourceTitle "CBM 212 Extra"]
[Source "ChessBase"]
[SourceDate "2023.03.31"]
[SourceVersion "1"]
[SourceVersionDate "2023.03.31"]
[SourceQuality "1"]

1. c4 e5 2. g3 Nc6 3. Bg2 Nf6 4. Nc3 Bc5 5. e3 0-0 6. Nge2 Re8 7. d3 d6 8. 0-0 Bb6 9. b3 Ne7 10. Bb2 c6 11. h3 Ng6 12. Qd2 d5 13. cxd5 cxd5 14. Rac1 Ba5 15. Qc2 Bf5 16. Rfd1 Qd7 17. Kh2 Rac8 18. Qb1 Bc7 19. e4 Be6 20. exd5 Nxd5 21. Nxd5 Bxd5 22. Bxd5 Qxd5 23. Nc3 Qf3 24. Rd2 Nf4 25. Rg1 Nxh3 26. Rf1 Nf4 27. gxf4 Qxf4+ 28. Kh1 Qxd2 29. Ne4 Qh6+ 30. Kg2 Qg6+ 31. Kf3 f5 32. Ng3 Qg4+ 33. Kg2 f4 34. Rh1 fxg3 35. f3 Qg6 0-1

[Event "Titled Tuesday intern op 10th Jan Late"]
[Site "Chess.com INT"]
[Date "2023.01.10"]
[Round "4"]
[White "Holt, Conrad"]
[Black "Winterberg, Lukas"]
[Result "1-0"]
[WhiteElo "2540"]
[BlackElo "2402"]
[PlyCount "117"]
[EventDate "2023.01.10"]
[EventType "swiss (blitz)"]
[EventRounds "11"]
[EventCountry "USA"]
[SourceTitle "EXT 2024"]
[Source "ChessBase"]
[SourceDate "2023.10.10"]
[SourceVersion "1"]
[SourceVersionDate "2023.10.10"]
[SourceQuality "1"]

1. d4 Nf6 2. c4 g6 3. Nc3 Bg7 4. e4 d6 5. Nf3 0-0 6. h3 c5 7. d5 e6 8. Bd3 exd5 9. cxd5 b6 10. 0-0 Ba6 11. Re1 Re8 12. Bf4 Bxd3 13. Qxd3 Nh5 14. Bh2 a6 15. e5 dxe5 16. Nxe5 Qg5 17. Nxg6 Rxe1+ 18. Rxe1 hxg6 19. Re8+ Kh7 20. d6 Bd4 21. d7 Nxd7 22. Rxa8 Ne5 23. Qd1 Qf5 24. Qe2 Bxc3 25. bxc3 Qb1+ 26. Qf1 Qe4 27. Rxa6 Nc4 28. Ra7 Kg7 29. Rd7 b5 30. Qd1 Nf6 31. Rc7 Nd5 32. Rxc5 Nxc3 33. Qa1 Kh7 34. Bg3 Qd4 35. Kh2 Qxc5 36. Qxc3 b4 37. Qf6 Qd5 38. Bf4 Kg8 39. Qe7 Qd4 40. Bg3 Qb6 41. Qe8+ Kg7 42. Qe4 Qc5 43. h4 Kg8 44. Qe8+ Kg7 45. Qe4 Kg8 46. Qc2 Qd5 47. Qe2 Kg7 48. Bf4 Qd4 49. g3 Qd5 50. Qc2 Kg8 51. Kg1 Kg7 52. Bg5 Kg8 53. Be7 Qb5 54. Qd3 Kg7 55. Qd4+ Kg8 56. Qd8+ Kh7 57. Bf6 g5 58. h5 Kh6 59. Qh8# 1-0

[Event "Titled Tuesday intern op 10th Jan Late"]
[Site "Chess.com INT"]
[Date "2023.01.10"]
[Round "11"]
[White "Timmermans, Mark"]
[Black "Winterberg, Lukas"]
[Result "1/2-1/2"]
[WhiteElo "2392"]
[BlackElo "2402"]
[PlyCount "130"]
[EventDate "2023.01.10"]
[EventType "swiss (blitz)"]
[EventRounds "11"]
[EventCountry "USA"]
[SourceTitle "EXT 2024"]
[Source "ChessBase"]
[SourceDate "2023.10.10"]
[SourceVersion "1"]
[SourceVersionDate "2023.10.10"]
[SourceQuality "1"]

1. e4 e6 2. d4 d5 3. Nd2 c5 4. exd5 Qxd5 5. Ngf3 cxd4 6. Bc4 Qd7 7. 0-0 Nc6 8. Nb3 a6 9. Nbxd4 Nxd4 10. Nxd4 Qc7 11. Qe2 Bd6 12. Rd1 Bxh2+ 13. Kh1 Be5 14. f4 Bxd4 15. Rxd4 Ne7 16. Bd3 0-0 17. Kg1 Nf5 18. Bxf5 exf5 19. Be3 b5 20. Rad1 Re8 21. Qd3 Bb7 22. Rd7 Qc6 23. Rd2 g6 24. Rd6 Qe4 25. Qxe4 Rxe4 26. Kf2 Rae8 27. R2d3 Rc4 28. c3 b4 29. Rb6 Be4 30. Rd4 Rxd4 31. Bxd4 bxc3 32. Bxc3 Bd3 33. b3 h5 34. Kf3 h4 35. Bf6 Kh7 36. Rd6 Be2+ 37. Kf2 Bg4 38. Rxa6 Re2+ 39. Kf1 Re4 40. Ra8 Rxf4+ 41. Kg1 g5 42. Bxg5 Re4 43. Bxh4 Re2 44. Bg5 Kg6 45. Bf4 Re4 46. Ra6+ Kg7 47. Bh6+ Kh7 48. Bg5 Re1+ 49. Kh2 Re2 50. Kg3 Rc2 51. Rf6 Kg7 52. Ra6 Rc3+ 53. Kh4 Rc2 54. Kg3 Rc3+ 55. Kh2 Rc2 56. Bf6+ Kh7 57. Kg3 Rd2 58. Be5 Be2 59. Rf6 Bf1 60. Rxf7+ Kg6 61. Rg7+ Kh6 62. Kh2 Rxa2 63. b4 Re2 64. Re7 Rxg2+ 65. Kh1 Rc2 1/2-1/2

[Event "Titled Tuesday intern op 10th Jan Late"]
[Site "Chess.com INT"]
[Date "2023.01.10"]
[Round "1"]
[White "Van Foreest, Jorden"]
[Black "Winterberg, Lukas"]
[Result "0-1"]
[WhiteElo "2681"]
[BlackElo "2402"]
[PlyCount "62"]
[EventDate "2023.01.10"]
[EventType "swiss (blitz)"]
[EventRounds "11"]
[EventCountry "USA"]
[SourceTitle "EXT 2024"]
[Source "ChessBase"]
[SourceDate "2023.10.10"]
[SourceVersion "1"]
[SourceVersionDate "2023.10.10"]
[SourceQuality "1"]

1. e4 e6 2. d4 d5 3. e5 c5 4. c3 Nc6 5. Nf3 Nge7 6. Na3 cxd4 7. cxd4 Nf5 8. Nc2 f6 9. exf6 Qxf6 10. Bg5 Qf7 11. Bd3 Bd6 12. 0-0 0-0 13. Re1 Bd7 14. Rc1 Kh8 15. Re2 Rae8 16. Bd2 Qh5 17. Bc3 Nfxd4 18. Ncxd4 Nxd4 19. Bxd4 Rxf3 20. g3 e5 21. Bc5 Bxc5 22. Rxc5 Bg4 23. Bb5 Ref8 24. Qxd5 R3f5 25. Rxe5 h6 26. Rxf5 Bxf5 27. Bd7 g6 28. Qe5+ Kh7 29. Bxf5 gxf5 30. Rc7+ Rf7 31. Qxf5+ Qxf5 0-1

[Event "Titled Tuesday intern op 10th Jan Late"]
[Site "Chess.com INT"]
[Date "2023.01.10"]
[Round "9"]
[White "Winterberg, Lukas"]
[Black "Jaferian, Koosha"]
[Result "0-1"]
[WhiteElo "2402"]
[BlackElo "2220"]
[PlyCount "94"]
[EventDate "2023.01.10"]
[EventType "swiss (blitz)"]
[EventRounds "11"]
[EventCountry "USA"]
[SourceTitle "EXT 2024"]
[Source "ChessBase"]
[SourceDate "2023.10.10"]
[SourceVersion "1"]
[SourceVersionDate "2023.10.10"]
[SourceQuality "1"]

1. e4 c6 2. d4 d5 3. e5 Bf5 4. h4 h5 5. Bd3 Bxd3 6. Qxd3 Qa5+ 7. Nd2 e6 8. Ne2 Nh6 9. 0-0 Nf5 10. Nf3 Be7 11. b3 Nxh4 12. c4 Nf5 13. Bg5 Qd8 14. Bxe7 Qxe7 15. Rac1 g5 16. cxd5 g4 17. Nd2 h4 18. Ne4 Nd7 19. dxc6 bxc6 20. Rxc6 h3 21. g3 Rd8 22. Rc7 Qb4 23. Kh2 Nxe5 24. Nf6+ Kf8 25. Qe4 Nf3+ 26. Kh1 Nd2 27. Qxg4 Nxf1 28. Nd7+ Rxd7 29. Rc8+ Ke7 30. Rxh8 Qb7+ 31. f3 Kd6 32. Qf4+ Kc6 33. Kg1 N1e3 34. g4 Qb4 35. Kf2 Nd1+ 36. Kf1 Nfe3+ 37. Kg1 Qe1+ 38. Kh2 Qxe2+ 39. Kxh3 Qg2+ 40. Kh4 Qh1+ 41. Kg5 Qxh8 42. Qe4+ Nd5 43. Qc2+ Kb7 44. Qxd1 Qg7+ 45. Kh4 Qh6+ 46. Kg3 Qf4+ 47. Kg2 Ne3+ 0-1

[Event "Titled Tuesday intern op 03rd Jan Early"]
[Site "Chess.com INT"]
[Date "2023.01.03"]
[Round "4"]
[White "Concio, Michael Jr"]
[Black "Winterberg, Lukas"]
[Result "1-0"]
[WhiteElo "2364"]
[BlackElo "2402"]
[PlyCount "57"]
[EventDate "2023.01.03"]
[EventType "swiss (blitz)"]
[EventRounds "11"]
[EventCountry "USA"]
[SourceTitle "EXT 2024"]
[Source "ChessBase"]
[SourceDate "2023.10.10"]
[SourceVersion "1"]
[SourceVersionDate "2023.10.10"]
[SourceQuality "1"]

1. e4 e6 2. d4 d5 3. exd5 exd5 4. Bd3 Nf6 5. Ne2 c5 6. c3 Nc6 7. 0-0 Be7 8. Bf4 0-0 9. Nd2 Re8 10. h3 cxd4 11. Nxd4 Nxd4 12. cxd4 Be6 13. Nf3 Rc8 14. Qa4 a6 15. Rac1 Qd7 16. Qb3 Rxc1 17. Rxc1 Rc8 18. Re1 b5 19. Ne5 Qb7 20. a4 b4 21. f3 h6 22. Qd1 Nd7 23. Nxd7 Qxd7 24. Bxa6 Rd8 25. Bb5 Qa7 26. Qd2 Bf6 27. Be5 Be7 28. Rc1 Bd7 29. Rc7 1-0

[Event "Titled Tuesday intern op 03rd Jan Late"]
[Site "Chess.com INT"]
[Date "2023.01.03"]
[Round "11"]
[White "Melikhov, Evgeny V"]
[Black "Winterberg, Lukas"]
[Result "1-0"]
[WhiteElo "2269"]
[BlackElo "2402"]
[PlyCount "31"]
[EventDate "2023.01.03"]
[EventType "swiss (blitz)"]
[EventRounds "11"]
[EventCountry "USA"]
[SourceTitle "EXT 2024"]
[Source "ChessBase"]
[SourceDate "2023.10.10"]
[SourceVersion "1"]
[SourceVersionDate "2023.10.10"]
[SourceQuality "1"]

1. d4 Nf6 2. c4 c5 3. d5 a6 4. Bg5 b5 5. Bxf6 gxf6 6. e4 bxc4 7. Bxc4 d6 8. Nc3 f5 9. Nf3 Bg7 10. 0-0 0-0 11. Re1 fxe4 12. Nxe4 Nd7 13. Qd3 Nf6 14. Nxf6+ Bxf6 15. Qe4 Kh8 16. Bd3 1-0

[Event "Titled Tuesday intern op 03rd Jan Late"]
[Site "Chess.com INT"]
[Date "2023.01.03"]
[Round "10"]
[White "Winterberg, Lukas"]
[Black "Urbina Perez, Juan Antonio"]
[Result "1-0"]
[WhiteElo "2402"]
[BlackElo "2274"]
[PlyCount "67"]
[EventDate "2023.01.03"]
[EventType "swiss (blitz)"]
[EventRounds "11"]
[EventCountry "USA"]
[SourceTitle "EXT 2024"]
[Source "ChessBase"]
[SourceDate "2023.10.10"]
[SourceVersion "1"]
[SourceVersionDate "2023.10.10"]
[SourceQuality "1"]

1. c4 c6 2. e4 d5 3. exd5 cxd5 4. cxd5 Nf6 5. Nc3 Nxd5 6. d4 Nxc3 7. bxc3 e6 8. Nf3 Qc7 9. Bd2 Bd6 10. Ng5 h6 11. Qh5 Nc6 12. Bd3 b6 13. Nxf7 0-0 14. Nxd6 Qxd6 15. Qg6 Rf6 16. Qh7+ Kf8 17. Bg6 Rxg6 18. Qxg6 Ne7 19. Qe4 Qd5 20. Qxd5 exd5 21. 0-0 Ba6 22. Rfe1 Bc4 23. a4 Nf5 24. Bf4 g5 25. Re5 Ng7 26. Bd2 Kf7 27. h4 g4 28. Bxh6 Ne6 29. Rae1 Re8 30. Bc1 Nc7 31. Rf5+ Kg6 32. Rg5+ Kf6 33. Rxe8 Nxe8 34. Rxg4 1-0

[Event "Titled Tuesday intern op 20th Dec Late"]
[Site "Chess.com INT"]
[Date "2022.12.20"]
[Round "1"]
[White "Winterberg, Lukas"]
[Black "Adel, Sara"]
[Result "1-0"]
[WhiteElo "2402"]
[BlackElo "1785"]
[PlyCount "77"]
[EventDate "2022.12.20"]
[EventType "swiss (blitz)"]
[EventRounds "11"]
[EventCountry "USA"]
[SourceTitle "EXT 2024"]
[Source "ChessBase"]
[SourceDate "2023.10.10"]
[SourceVersion "1"]
[SourceVersionDate "2023.10.10"]
[SourceQuality "1"]

1. e4 c6 2. d4 d5 3. e5 Bf5 4. h4 h5 5. Bd3 Nh6 6. Ne2 e6 7. Bg5 Be7 8. Bxe7 Qxe7 9. Ng3 Qb4+ 10. Nc3 Qxb2 11. Nce2 Bxd3 12. cxd3 Qb4+ 13. Kf1 b6 14. Rc1 Ng4 15. Kg1 g6 16. Nf1 0-0 17. f3 Nh6 18. g4 hxg4 19. fxg4 Nxg4 20. h5 Kg7 21. hxg6 Kxg6 22. Rb1 Qe7 23. Nf4+ Kf5 24. Rh5+ Qg5 25. Rxg5+ Kxg5 26. Nh3+ Kh4 27. Qf3 Rg8 28. Qg3+ Kh5 29. Nf4+ Kg5 30. Ne3 Nd7 31. Nxg4 f5 32. Nf6+ Kh6 33. Nxg8+ Kh7 34. Ne7 Nf8 35. Kf2 Kh8 36. Rh1+ Nh7 37. Rxh7+ Kxh7 38. Qg6+ Kh8 39. Qh6# 1-0

[Event "Titled Tuesday intern op 13th Dec Early"]
[Site "Chess.com INT"]
[Date "2022.12.13"]
[Round "1"]
[White "Lenderman, Aleksandr"]
[Black "Winterberg, Lukas"]
[Result "1-0"]
[WhiteElo "2570"]
[BlackElo "2402"]
[PlyCount "83"]
[EventDate "2022.12.13"]
[EventType "swiss (blitz)"]
[EventRounds "11"]
[EventCountry "USA"]
[SourceTitle "EXT 2024"]
[Source "ChessBase"]
[SourceDate "2023.10.10"]
[SourceVersion "1"]
[SourceVersionDate "2023.10.10"]
[SourceQuality "1"]

1. e4 e6 2. d4 d5 3. exd5 exd5 4. Nf3 Nf6 5. Bd3 c5 6. 0-0 c4 7. Re1+ Be7 8. Bf1 0-0 9. b3 cxb3 10. axb3 Nc6 11. h3 Bf5 12. c3 Ne4 13. Bd3 Re8 14. Bb2 a6 15. Re3 Rc8 16. Nbd2 Bf6 17. Qe2 Nxd2 18. Bxf5 Rxe3 19. Qxe3 Nxf3+ 20. Qxf3 Rc7 21. Re1 Re7 22. Rxe7 Nxe7 23. Bd3 Qd6 24. b4 g6 25. Bc1 Qe6 26. Bd2 Bg7 27. g4 Nc8 28. Kg2 Nd6 29. Bf4 Ne4 30. c4 Nf6 31. c5 Ne4 32. Be3 h6 33. Qf4 Kh7 34. Qc7 Nc3 35. Qxb7 Nd1 36. Bf4 Bxd4 37. Bg3 Kg7 38. Qxa6 Qe1 39. Qa2 Qxb4 40. c6 Qc5 41. c7 Nc3 42. Qa6 1-0

[Event "Titled Tuesday intern op 13th Dec Early"]
[Site "Chess.com INT"]
[Date "2022.12.13"]
[Round "8"]
[White "Winterberg, Lukas"]
[Black "Ansh, M Shah"]
[Result "0-1"]
[WhiteElo "2402"]
[BlackElo "2195"]
[PlyCount "112"]
[EventDate "2022.12.13"]
[EventType "swiss (blitz)"]
[EventRounds "11"]
[EventCountry "USA"]
[SourceTitle "EXT 2024"]
[Source "ChessBase"]
[SourceDate "2023.10.10"]
[SourceVersion "1"]
[SourceVersionDate "2023.10.10"]
[SourceQuality "1"]

1. d4 Nf6 2. Nf3 e6 3. c4 d5 4. Nc3 Be7 5. Bg5 0-0 6. e3 c6 7. Be2 Nbd7 8. 0-0 dxc4 9. Bxc4 b5 10. Bd3 Bb7 11. e4 a6 12. e5 Nd5 13. Bxe7 Nxe7 14. Nd5 Nxd5 15. h4 f5 16. exf6 N5xf6 17. Re1 c5 18. Ng5 c4 19. Nxe6 Qb6 20. Nxf8 Rxf8 21. Bf5 Nb8 22. Be6+ Kh8 23. d5 Nxd5 24. Bxd5 Qxf2+ 25. Kh2 Qxh4+ 26. Kg1 Qf2+ 27. Kh2 Qf4+ 28. g3 Qf2+ 29. Kh1 Bxd5+ 30. Qxd5 Qxg3 31. Qg2 Qh4+ 32. Qh2 Qd4 33. Rad1 Qb6 34. Qd6 Qb7+ 35. Kg1 Rg8 36. Re7 Qf3 37. Rde1 Nc6 38. Re8 Qg4+ 39. Kf2 Qh4+ 40. Qg3 Qd4+ 41. Kg2 Qxb2+ 42. R1e2 Qf6 43. Rxg8+ Kxg8 44. Rf2 Qe6 45. Qc7 Qd5+ 46. Kg1 h6 47. Qc8+ Kh7 48. Qxa6 Qd1+ 49. Kh2 Qh5+ 50. Kg2 Qg6+ 51. Kh1 Qe4+ 52. Rg2 Nd4 53. Qd6 Qe1+ 54. Kh2 Qh4+ 55. Kg1 Nf3+ 56. Kf1 Qe1# 0-1

[Event "Titled Tuesday intern op 13th Dec Early"]
[Site "Chess.com INT"]
[Date "2022.12.13"]
[Round "5"]
[White "Winterberg, Lukas"]
[Black "Rohit, Krishna S"]
[Result "1-0"]
[WhiteElo "2402"]
[BlackElo "2380"]
[PlyCount "119"]
[EventDate "2022.12.13"]
[EventType "swiss (blitz)"]
[EventRounds "11"]
[EventCountry "USA"]
[SourceTitle "EXT 2024"]
[Source "ChessBase"]
[SourceDate "2023.10.10"]
[SourceVersion "1"]
[SourceVersionDate "2023.10.10"]
[SourceQuality "1"]

1. d4 Nf6 2. Bf4 d6 3. Nf3 g6 4. e3 Bg7 5. h3 0-0 6. Be2 Nc6 7. 0-0 Re8 8. Bh2 Bd7 9. Nbd2 e5 10. c3 e4 11. Ne1 Ne7 12. a4 d5 13. c4 c6 14. b4 Nf5 15. b5 h5 16. Nb3 Nh7 17. Nc5 Bc8 18. bxc6 bxc6 19. cxd5 cxd5 20. Bb5 Re6 21. Nxe6 Bxe6 22. Rc1 Qh4 23. Qe2 Ng5 24. f4 exf3 25. Nxf3 Nxf3+ 26. Qxf3 Bh6 27. Bf4 Bf8 28. Kh2 Qe7 29. Rc7 Qa3 30. g4 hxg4 31. hxg4 Nd6 32. Be5 Bg7 33. Bxg7 Kxg7 34. Bd7 Rh8+ 35. Kg1 Qb2 36. Qf2 Qb8 37. Qf6+ Kg8 38. Bxe6 Qxc7 39. Bxd5 Rh7 40. Qe5 Qc2 41. Qxd6 Qe2 42. Qg3 g5 43. Bg2 Rh4 44. Qf3 Qxf3 45. Bxf3 Rh6 46. d5 Ra6 47. Bd1 Ra5 48. e4 Rc5 49. Kf2 Rc3 50. Re1 Kf8 51. e5 Ke7 52. d6+ Kd7 53. Be2 a6 54. Bxa6 Ke6 55. Bb5 Rc2+ 56. Re2 Rc3 57. d7 Rh3 58. d8Q Rh2+ 59. Ke1 Rxe2+ 60. Kxe2 1-0

[Event "Titled Tuesday intern op 06th Dec Late"]
[Site "Chess.com INT"]
[Date "2022.12.06"]
[Round "4"]
[White "Girel, Joseph"]
[Black "Winterberg, Lukas"]
[Result "0-1"]
[WhiteElo "2382"]
[BlackElo "2402"]
[PlyCount "104"]
[EventDate "2022.12.06"]
[EventType "swiss (blitz)"]
[EventRounds "11"]
[EventCountry "USA"]
[SourceTitle "CBM 211 Extra"]
[Source "ChessBase"]
[SourceDate "2023.01.31"]
[SourceVersion "1"]
[SourceVersionDate "2023.01.31"]
[SourceQuality "1"]

1. e4 e6 2. d4 d5 3. Nd2 c5 4. exd5 Qxd5 5. Ngf3 cxd4 6. Bc4 Qd7 7. 0-0 Nc6 8. Nb3 a6 9. a4 Nf6 10. Qe2 Bd6 11. Rd1 e5 12. Nbxd4 Nxd4 13. Rxd4 Qe7 14. Rxd6 Qxd6 15. b3 e4 16. Ba3 Qf4 17. h3 Be6 18. Nd4 Qe5 19. Rd1 0-0-0 20. Nxe6 fxe6 21. Re1 Rd7 22. Qe3 Qd4 23. Bxe6 Qxe3 24. Rxe3 Re8 25. Bxd7+ Kxd7 26. Bb2 Kc6 27. f3 exf3 28. Rxf3 Re6 29. Bxf6 gxf6 30. Kf2 Kd5 31. Re3 Rc6 32. c3 a5 33. Ke2 Rb6 34. c4+ Kd4 35. Kd2 f5 36. Rd3+ Ke4 37. Kc2 f4 38. c5 Rg6 39. Rd2 Rc6 40. Re2+ Kd4 41. Re7 Rxc5+ 42. Kb2 Rg5 43. Rxh7 Rxg2+ 44. Ka3 b6 45. Rh6 Kc5 46. Rh5+ Kd4 47. Rb5 Rg6 48. Rf5 Ke4 49. Rf8 f3 50. h4 Ke3 51. h5 Rh6 52. Rf5 f2 0-1